00694nam a2200241Ia 4500003000900000008004100009040001300050040001300063041000800076100002300084245002500107250001200132260001500144260000900159300001100168300001200179490002000191490000600211600001200217942000700229999001700236952019900253IT-RoPAU120407s9999 xx 000 0 und d aIT-RoPAU cIT-RoPAU aita aFriedrich Gogarten aLa questione su Dio. aBrescia aQueriniana c1971 a209 p. c20,5 cm aNuovi saggi, 4 v1 a1. Dio. cBK c28741d28741 00102ddc406208_38400000000000071aPAULUSbPAULUSd2012-04-11l0o208.384r2012-04-11 00:00:00w2012-04-11yBKzInserito da: Anna In data: 12 settembre 2011 fondo: Via A.Severo 56 Progr:21136